Statystyki dla TOP 15 Największych Polskich Firm

Kliknij tutaj aby rozwiązać quiz!

Ogólne statystyki

  • Ten quiz został rozwiązany 2 078 razy
  • Średni wynik to 5 z 15

Statystyki odpowiedzi

BranżaNazwa firmy% Poprawnych
Paliwa i energiaPKN Orlen
96%
BankiPKO BP
75%
Paliwa i energiaGrupa Lotos
65%
UbezpieczeniaPZU
55%
EnergetykaPGE
40%
EnergetykaTauron
38%
EnergetykaEnerga
36%
Paliwa i energiaPolskie Górnictwo Naftowe i Gazownictwo
31%
EnergetykaEnea
26%
LeśnictwoPGL Lasy Państwowe
18%
Handel (sieć sklepów)PSH Lewiatan
17%
Paliwa i energiaKGHM Polska Miedź
16%
MediaCyfrowy Polsat
10%
Usługi finansoweCinkciarz.pl
5%
Handel (FMCG)PPHU Specjał
1%

Rozkład punktacji

Percentyl według liczby udzielonych odpowiedzi

Procent ludzi z każdym wynikiem

Twoja historia wyników

Nie rozwiązałeś tego quizu